000 004990000a22001810004500
090 _aAR
_b00039
245 1 0 _aLectura de esperanza desde la mirada femenina
650 1 4 _aMujer
_992845
650 1 4 _aMedio ambiente
_992195
650 1 4 _aEquidad de género
_912866
650 1 4 _aAspectos culturales
_992846
651 4 _pColombia
_992749
041 0 _aEspañol
700 1 _aAndrade, Marta Elena
_992847
100 1 _aUribe, Patricia
_992848
942 _cARTICULO
773 1 _tPreprint
_33
_q1-20
_d1995?
999 _c9142
_d9142